000 00635nam a2200121Ia 4500
008 220615s9999||||xx |||||||||||||| ||und||
100 _aBrown, Alex
245 0 _aHate Speech Law
_bA Philosophical Examination
546 _aEnglish[eng]
650 _aPhilosophy||hate speech||free speech||speech regulation||speech law||philosophy of law||political philosophy||defamation||discrimination||harassment
856 _uhttps://library.oapen.org/bitstream/20.500.12657/25902/1/1004180.pdf||https://library.oapen.org/bitstream/20.500.12657/25902/1/1004180.pdf||https://library.oapen.org/bitstream/20.500.12657/25902/1/1004180.pdf
942 _cEB
999 _c14738
_d14738